BIBLIOTHÈQUE DE LA MAISON DU MEXIQUE

Logo 1 Logo 2

Eloísa vertical (notice nᵒ 7379)

détails MARC
000 -Sello discográfico
campo de control de longitud fija 00976nam a2200301 4500
005 - Identificación de versión
campo de control 20251016084800.0
010 ## - Número Estándar Internacional de Libros (ISBN)
Número (ISBN) 978-84-124479-7-2
099 ## - fechas locales
Tipo de ítem Koha LIBRO
100 ## - Datos de procesamiento general
Datos de procesamiento general 20240730d2021 m y1spay5003 ba
105 ## - Campo de datos codificados: Material textual, monográfico
Datos codificados de monografía y 001ay
200 1# - Título y mención de responsabilidad
Título propio Eloísa vertical
Designación general del material texto impreso
Primer mención de responsabilidad Catalina Murillo
205 ## - Declaración de edición
Declaración de edición 1a ed
210 ## - Publicación, distribución, etc.
Lugar de publicación, distribución, etc. Costa Rica
Nombre del editor, distribuidor, etc. Los Tres Editores
Fecha de publicación, distribución, etc. 2021
215 ## - Descripción física
Designación de material específico y extensión del ítem 165 p
Dimensiones 20 cm
345 ## - Nota de información de adquisición
Fuente de adquisición/dirección de la suscripción [OBSOLETO] Donación Jean Allouch
410 #1 - Series
Título Colección La Centena
606 ## - Término temático usado como materia
Elemento de entrada Novela costarricense
Subdivisión cronológica Siglo XX
Número Koha 10775
660 ## - Código de área geográfica
Código MX
700 ## - Nombre personal - Responsabilidad primaria
Elemento de entrada Murillo Valverde
Parte del nombre distinta del elemento de entrada Catalina
Fechas 1970-
Número Koha 13304
801 #0 - Fuente de origen
País FR
Agencia cm
Reglas de catalogación (convenciones descriptivas) AFNOR
856 ## - Localización electrónica y acceso
Identificador Uniforme de Recurso https://static1.squarespace.com/static/592dbd8d414fb5f95debfc6c/t/61f18335ffbb7878ab30a6c5/1643217718336/extracto+eloisa+vertical.pdf
900 ## -
-- 1/22939
900 ## -
-- 7100417642\080104
942 ## - ELEMENTOS DE ENTRADA SECUNDARIOS (KOHA)
Tipo de ítem Koha Livre
996 ## -
-- MEX
-- 751145101
-- MMAG
-- 010789
-- CR863.4 M977E
-- 20240730LIV
Exemplaires
Estatus retirado Estado de daño Estado de pérdida Fecha de adquisición Biblioteca de origen Biblioteca actual Ubicación en estantería Código de barras Precio de reemplazo Signatura topográfica completa No para préstamo Tipo de ítem Koha Nota pública Nota no pública
      05/08/2025 Casa México Paris Casa México Paris   010789 05/08/2025 CR863.4 M977E   Livre 20240730LIV 751145101